In the company of friends: exploring faith and understanding with buddhists and christians (Record no. 46557)

MARC details
000 -LEADER
fixed length control field 00733nam a2200169 a 4500
008 - FIXED-LENGTH DATA ELEMENTS--GENERAL INFORMATION
fixed length control field 150608s2012 ||||||||||||||||| || u
020 ## - INTERNATIONAL STANDARD BOOK NUMBER
International Standard Book Number 9781438442808
050 ## - LIBRARY OF CONGRESS CALL NUMBER
Classification number BR 128.B8 Car
100 ## - MAIN ENTRY--PERSONAL NAME
Personal name Carter, John Ross
245 10 - TITLE STATEMENT
Title In the company of friends: exploring faith and understanding with buddhists and christians
Statement of responsibility, etc. by John Ross Carter
260 ## - PUBLICATION, DISTRIBUTION, ETC.
Place of publication, distribution, etc. Albany, New York:
Name of publisher, distributor, etc. State University of New York
Date of publication, distribution, etc. 2012
300 ## - PHYSICAL DESCRIPTION
Extent xxxiii, 314p.
350 ## - PRICE (NR) (BK AM CF MU VM SE) [OBSOLETE]
Price 26.95
650 ## - SUBJECT ADDED ENTRY--TOPICAL TERM
Topical term or geographic name entry element BUDDIHISM--RELATIONS--CHRISTIANITY
650 ## - SUBJECT ADDED ENTRY--TOPICAL TERM
Topical term or geographic name entry element CHRISTIANITY AND OTHER RELIGIONS--BUDDIHISM
995 ## - RECOMMENDATION 995 [LOCAL, UNIMARC FRANCE]
-- CBU-MAIN LIBRARY (Kitwe)
-- 26.95
-- 1
-- AVAILABLE
-- Aug 24, 2015
-- Main Library Open Access Collection
Holdings
Withdrawn status Lost status Source of classification or shelving scheme Damaged status Not for loan Home library Current library Shelving location Date acquired Total Checkouts Full call number Barcode Date last seen Price effective from Koha item type
          CBU-MAIN LIBRARY, KITWE. CBU-MAIN LIBRARY, KITWE.   11/30/2022   BR 128.B8 Car 745567 11/30/2022 11/30/2022 MONOGRAPH